Integral Calculus / (Record no. 194789)

000 -LEADER
fixed length control field 00971 a2200181 4500
003 - CONTROL NUMBER IDENTIFIER
control field NUST
005 - DATE AND TIME OF LATEST TRANSACTION
control field 20221117164747.0
020 ## - INTERNATIONAL STANDARD BOOK NUMBER
International Standard Book Number 8121902363
040 ## - CATALOGING SOURCE
Transcribing agency Nust
082 ## - DEWEY DECIMAL CLASSIFICATION NUMBER
Classification number 515,NAR
100 ## - MAIN ENTRY--PERSONAL NAME
Personal name Narayan, Shanti
9 (RLIN) 39181
245 ## - TITLE STATEMENT
Title Integral Calculus /
Statement of responsibility, etc. Shanti Narayan
260 ## - PUBLICATION, DISTRIBUTION, ETC.
Place of publication, distribution, etc. New Delhi
Name of publisher, distributor, etc. S. Chand & Company
Date of publication, distribution, etc. 1988
300 ## - PHYSICAL DESCRIPTION
Extent iv,349 p.
505 ## - FORMATTED CONTENTS NOTE
Formatted contents note Table of Standard Result (Page-1), Methods of Integration (Page-20), Integration of Algebraic Rational Functions (Page-53), Integration of Trigonometric Functions (Page-73), Areas of Plane Regions (Page-153), Lengths of Plane Curves (Page-183), Volumes and Surfaces of Revolution (Page-196), Center of Gravity Moment of Inertia (Page-221), Differential Equations of First Order and First Degree (Page-234), Equations of the First Order but not of the First Degree (Page-256), Trajectories of a Family of Curves (Page-269), Linear Equations (Page-276) .
650 ## - SUBJECT ADDED ENTRY--TOPICAL TERM
Topical term or geographic name entry element Calculus
942 ## - ADDED ENTRY ELEMENTS (KOHA)
Source of classification or shelving scheme
Koha item type Book
Call number prefix 515,NAR
Holdings
Withdrawn status Lost status Source of classification or shelving scheme Damaged status Not for loan Permanent Location Current Location Shelving location Date acquired Full call number Barcode Date last seen Price effective from Koha item type Public note
          Military College of Signals (MCS) Military College of Signals (MCS) General Stacks 12/12/2016 515,NAR MCS36325 12/08/2016 12/12/2016 Book Almirah No.13, Shelf No.1
© 2023 Central Library, National University of Sciences and Technology. All Rights Reserved.